000 01300nam a2200349 a 4500
001 000109642
003 CHAP
005 20220329144058.0
008 140515s2014 mx a sm |||||||spa d
010 _a106104
011 _a107076
040 _cCHAP
090 _aTesis
100 1 _aMartínez Rojo, Pedro Humberto
_9126876
245 1 0 _aRespuesta embriogénicas en papa (Solanum tuberosum L.) empleando diferentes explantes cultivados in vitro
_h[En línea]
_cpor Pedro Humberto Martínez Rojo.
260 _aChapingo, Méx. :
_bEl autor,
_c2014.
500 _aPara ver el contenido del material haga clic en la liga
502 _aTesis (M.C. en Biotecnología Agrícola) -- UACH. Departamento de Fitotecnia
590 _aBATCH-UPD
_b10
_c20141002
_lUCH01
_h0903
590 _aE11695DGD
_b10
_c20140527
_lUCH01
_h1431
590 _aE5652GLJ
_b05
_c20140515
_lUCH01
_h1446
590 _aE5652GLJ
_b05
_c20140515
_lUCH01
_h1450
590 _aE5652GLJ
_b05
_c20140516
_lUCH01
_h0951
650 1 4 _aCitología e histología vegetales.
_923495
650 1 4 _aEmbrión somático.
_936495
650 1 4 _aPapa
_xCrecimiento.
_985217
650 1 4 _aSolanum tuberosum.
_9108367
856 _aFinding aid
_uhttp://10.13.5.2/tesis/sist109642.pdf
_zTeclea aquí
901 _aBK
942 _cTESIS
942 _n0
999 _c106104
_d106104